|
|
|
|
| LEADER |
00000nab a2200000uu 4500 |
| 001 |
vtls011456052 |
| 003 |
SK-MaSNL |
| 005 |
20260303151457.0 |
| 008 |
230222|1980 xo |||||||||||||||||eng| |
| 015 |
|
|
|a SNBRB
|
| 035 |
|
|
|a (urnnbn)urn:nbn:sk:snk:ar-a080p2
|
| 035 |
|
|
|a (uuid)04bc6080-8182-40b7-8dcd-047d55840684
|
| 035 |
|
|
|a urn:nbn:sk:snk-abcqyj
|
| 040 |
|
|
|a SNKBUCL
|b slo
|c SNKBUCL
|e AACR2
|
| 041 |
0 |
|
|a eng
|
| 044 |
|
|
|a xo
|c SK
|
| 100 |
1 |
|
|a Heider, H.
|4 aut
|9 927695
|
| 245 |
1 |
0 |
|a EVALUATION OF ANTIVIRAL SUBSTANCES AGAINST INFLUENZA A VIRUS STRAINS BY THE HAEMADSORPTION REDUCTION TEST
|c H. Heider, B. Adamczyk, B. Richter
|
| 700 |
1 |
|
|a Adamczyk, B.
|4 aut
|9 1004029
|
| 700 |
1 |
|
|a Richter, B.
|4 aut
|9 1004030
|
| 773 |
0 |
|
|t Acta virologica
|g Roč. 24, č. 5 (1980), s. 373-376
|
| 958 |
|
|
|a OND
|
| 958 |
|
|
|a EUIPO
|
| 958 |
|
|
|a article16
|
| 999 |
|
|
|c 2017855
|d 2019785
|